Mezinárodní desatinné třídení (FID 419). Oddíl 53 : Fyzika

Gespeichert in:
Bibliographische Detailangaben
Format: Buch
Sprache:Tschechisch
Veröffentlicht: Praha : ÚVTEI, 1972
Ausgabe:1.vyd.
Schlagworte:
MDT
Tags: Tag hinzufügen
Keine Tags, Fügen Sie das erste Tag hinzu!

MARC

LEADER 00000nam a22000003a 4500
001 stu89322
005 20141121201836.3
008 040728s1972------------------------cze-d
040 |a STU  |b slo 
041 0 |a cze 
080 |a 025.45 
080 |a 53  |7 stu_us_auth*stu7966 
245 |a Mezinárodní desatinné třídení (FID 419). Oddíl 53 :  |b Fyzika 
250 |a 1.vyd. 
260 |a Praha :  |b ÚVTEI,  |c 1972 
300 |a 248 s 
650 7 |a MDT  |2 stusub 
996 |b 284EK07091  |c E*28506  |l EE01  |s P  |a 0  |w stu89322_0001